01226nam a22002777a 4500003000900000005001700009007000300026008003800029020001800067040002500085082000700110100004000117245013100157260005300288300002100341500006300362504003200425590002700457590006800484910001400552942001400566952011300580952011900693952011900812999001700931DO-SdBNP20230419154327.0ta100322s2020 dr 000 0 spa d a9789945094688 aDO-SdBNPbspacBNPHU 42221 aBáez Vizcaíno, Katherine93792010aGestión y optimización :buna mirada ingenierila la cadena de valor del aguacate dominicano /cKatherine Báez Vizcaíno aSanto Domingo :bConocimiento para todos,c2020. a117 p. :c21 cm. aIncluye datos biográficos del autor en la contracubierta aBibliografía : p. 109-117 aInventariado, 2021/ YL aLa biblioteca posee un (1) ejemplar autografiado por el autor.  aYLOCKWARD 2ddccLBS1 00102ddc51708PDaBNPHUbBNPHUcCTd2020-09-18eDepósito Legalp2021-0896r2021-03-16w2021-03-16yLBS1 00102ddc51708PDaBNPHUbBNPHUcCTd2020-09-18eDepósito Legalp2021-0897r2021-03-16te. 2w2021-03-16yLBS1 00102ddc56708DSaBNPHUbBNPHUcCTd2020-09-18eDepósito Legalp2021-0898r2021-03-16te. 3w2021-03-16yLBS1 c49585d49585